000 00454nam a2200181Ia 4500
001 1517
005 20260306143734.0
008 260306t1990||||xx |||||||||||||| ||spa||
041 _aESP
082 _a150.724
_bA75
100 _aArnau Grass, Jaime.
_eAUT
245 0 _aDiseños experimentales en psicología y educación
260 _c1990
300 _a406 páginas :
_c15.5 x 23 cm.
650 _aGEN
654 _aCPS
942 _cLIB
_dJUS
_fJUS
_2ddc
_n
999 _c1517
_d1517